header

Hadronic physics from lattice QCD (Record no. 138278)

MARC details
000 -LEADER
fixed length control field 01332nam a2200325Ia 4500
245 00 - TITLE STATEMENT
Title Hadronic physics from lattice QCD
260 ## - PUBLICATION, DISTRIBUTION, ETC. (IMPRINT)
Place of publication Singapore ;
-- Hackensack, N.J. :
Name of publisher World Scientific,
Year of publication c2004.
300 ## - PHYSICAL DESCRIPTION
Number of Pages xv, 367 p. :
Other physical details ill.
490 1# - SERIES STATEMENT
Series statement International review of nuclear physics ;
650 #0 - SUBJECT ADDED ENTRY--TOPICAL TERM
Topical Term Lattice field theory.
Topical Term Quantum chromodynamics.
Topical Term Hadron interactions.
700 1# - ADDED ENTRY--PERSONAL NAME
Personal name Green, Anthony M.
856 40 - ELECTRONIC LOCATION AND ACCESS
Uniform Resource Identifier http://site.ebrary.com/lib/rucke/Doc?id=10174046

No items available.

© 2026 Rongo University
Contact us: librarian | system librarian | Rongo university